=LDR 00000nam 2200000 4500 =001 $a INLIS000000000008244 =005 $a 20260519103343 =008 $a 260519###########################0#ind## =022 ##$$a 979-8563-29-8 =035 ##$$a 0010-0526000017 =082 ##$$a 651.3 =084 ##$$a 651.3 MOK a =100 #$$a Mokhamad Syuhadhak =245 ##$$a Administrasi Kepegawaian Negara $b Teori dan Praktek Penyelenggaraannya di Indonesia $c Mokhamad Syuhadhak =246 ##$$a =260 ##$$a Jakarta $b Gunung Agung $c 1996 =300 ##$$a 232 halaman $b ilus $c 21 cm $d =336 ##$$a =337 ##$$a =338 ##$$a =520 #$$a =650 #$$a Administrasi Kepegawaian =700 #$$a =740 ##$$a =856 ##$$a Perpustakaan kemendukbangga =Wor $a 1